00345pab a2200121 454500008004000000100002200040245008200062260000900144300001100153362001100164650002200175773002600197180718b1989 xxu||||| |||| 00| 0 eng d aDunleavy, Patrick aThe architecture of the British central state, part IbFramework for analysis c1989 a249-75 aAutumn aU.K. - Government aPublic Administration